Methods of modern mathematical physics

সংরক্ষণ করুন:
গ্রন্থ-পঞ্জীর বিবরন
প্রধান লেখক: Reed, Michael (Author), Simon, Barry (Author)
বিন্যাস: গ্রন্থ
ভাষা:ইংরেজি
প্রকাশিত: Nueva York Academic Press 1975
বিষয়গুলি:
ট্যাগগুলো: ট্যাগ যুক্ত করুন
কোনো ট্যাগ নেই, প্রথমজন হিসাবে ট্যাগ করুন!

MARC

LEADER 00000nam a2200000 a 4500
001 UCL7203
003 CL-VaPUC
008 040507e19750000US |||||||||||||||||eng|d
020 |a 0125850026v. 2 
082 0 4 |a 530.15  |b REE  |2 21 
100 0 |a Reed, Michael  |e author  |9 485027 
700 0 |a Simon, Barry  |e author  |9 485028 
245 1 0 |a Methods of modern mathematical physics 
300 |a v 
942 |c BK 
945 |d 20040507 00:00:00  |a cmena 
260 |a Nueva York  |b Academic Press  |c 1975 
500 |a v.2: Fourier Analysis, Self-Adjointness 
650 0 |a Análisis de Fourier  |9 260464 
650 7 |a TRANSFORMACIONES DE FOURIER  |2 CL-VaPUC  |9 374840 
650 7 |a CONVOLUCIONES MATEMATICAS  |2 CL-VaPUC  |9 270573 
650 0 |a Perturbaciones matemáticas   |9 424936 
583 |a last modification  |c 20040507 00:00:00  |k Rodrigo Vera 
999 |c 309053  |d 309051